000 00437nam a22001577a 4500
003 LK-CoDNM
005 20240925154114.0
008 240925b |||||||| |||| 00| 0 eng d
040 _aLK-CoDNM
_dLK-CoDNM
_eLK-CoDNM
041 _aeng
080 _a22
_bE38
245 _aProceedings of the 18th annual sessions of the Ceylon Muslim League
260 _aColombo
_bThe oriental press
_c1944
300 _b29p. : ill ; 26 cm
942 _cBK
999 _c152748
_d152748